00439nam a2200109Ia 4500008004100000100002000041245012900061260004600190300001100236650001300247856006900260160712s9999 xx 000 0 und d aBawagan, Aleli. cAleli Bawagan,aPaglahok ng mga Lider Magsasaka sa Istruktura ng Pamamahala sa Lokal at Pambansang Antas: Mga Bunga at Hamon c2015bDaluyan: Journal ng Wikang Filipino a no. 2 xFILIPINO uhttp://journals.upd.edu.ph/index.php/djwf/issue/view/473/showToc